Normal view MARC view
  • Moure, Teresa

Entry Nombre Personal

Number of records used in: 1

001 - NUMERO DE CONTROL

  • campo de control: 48083

003 - IDENTIFICADOR DE NUMERO DE CONTROL

  • campo de control: DLC

005 - FECHA Y HORA DE LA ÜLTIMA TRANSACCIÓN

  • campo de control: 20230306121131.0

008 - DATOS DE LONGITUD FIJA

  • campo de control de longitud fija: 970731n| azannaabn |a aaa

010 ## - NÚMERO DE CONTROL DE LA BIBLIOTECA DEL CONGRESO

  • Número de control LC: n 97077272

035 ## - NUMERO DE CONTROL

  • Número de control: (OCoLC)oca04398170

040 ## - FUENTE DE CATALOGACIÓN

  • Agencia original de catalogación: DLC
  • Lenguaje de catalogación: spa
  • Description conventions: rda
  • Agencia de transcripción: DLC
  • Agencia que lo modifica: DLC
  • Agencia que lo modifica: NcD
  • Agencia que lo modifica: MX-MxUPN

046 ## - FECHAS CON CODIFICACIÓN ESPECIAL

  • Fecha de nacimiento: 1969

100 1# - ENCABEZAMIENTO - NOMBRE PERSONAL

  • Nombre personal: Moure, Teresa

370 ## - LUGAR ASOCIADO

  • Place of birth: Monforte de Lemos, España

373 ## - GRUPO ASOCIADO

  • Associated group: Universidade de Santiago de Compostela
  • Fuente del término: naf

377 ## - LENGUA ASOCIADA

  • Language code: glg
  • Language code: spa
  • Language code: por

400 1# - VEÁSE - NOMBRE DE PERSONA

  • Personal name: Moure Pereiro, Teresa

400 1# - VEÁSE - NOMBRE DE PERSONA

  • Personal name: Moure Pereiro, María Teresa

670 ## - FUENTE EN LA QUE SE LOCALIZARON DATOS

  • Cita de la fuente: La alternativa no-discreta en lingüística, 1996:
  • Información localizada: portada (Teresa Moure)

670 ## - FUENTE EN LA QUE SE LOCALIZARON DATOS

  • Cita de la fuente: Wikipedia, 06 marzo 2023
  • Información localizada: (Teresa Moure; es una escritora en lengua gallega. Es doctora en Lingüística y ejerce la docencia en la Facultades de Filosofía y Filología de la Universidad de Santiago de Compostela.
  • Uniform Resource Identifier: https://es.wikipedia.org/wiki/Teresa_Moure

670 ## - FUENTE EN LA QUE SE LOCALIZARON DATOS

  • Cita de la fuente: Bib. Nac. de España AF via VIAF, Apr. 20, 2015
  • Información localizada: ( Moure, Teresa, 1969- )

670 ## - FUENTE EN LA QUE SE LOCALIZARON DATOS

  • Cita de la fuente: Lingüística se escribe con a, 2021:
  • Información localizada: portada (Teresa Moure) contraportada (Profesora titular de lingüística general de la Universidad de Santiago de Compostela)

902 ## - CATALOGADOR

  • Catalogador: VíctorGodínez/060323